Pod přísahou TREs /

Hlavní autor: Růžička, Oldřich
Další autoři: Klimeš, Jan, 1980-
Jazyk: Čeština
Vydáno: Praha : Albatros, 2015
Vydání: 1. vydání
Témata:
Fyzický popis: 60 stran : barevné ilustrace ; 31 cm
Knihy
Uloženo v:
LEADER 02162nam a2200589 i 4500
001 nkc20152766256
003 CZ PrNK
005 20160223101037.0
007 ta
008 160115s2015 xr a c 000 j cze
015 |a cnb002766256 
020 |a 978-80-00-04013-4  |q (Albatros ;  |q vázáno) 
035 |a (OCoLC)944218636 
040 |a ABA001  |b cze  |e rda 
072 7 |a 821.162.3-3  |x Česká próza  |2 Konspekt  |9 25 
072 7 |a 821-93  |x Literatura pro děti a mládež (beletrie)  |2 Konspekt  |9 26 
080 |a 821.162.3-32  |2 MRF 
080 |a 27-788.435  |2 MRF 
080 |a 821-93  |2 MRF 
080 |a (0:82-321.6)  |2 MRF 
080 |a (0:82-321.3)  |2 MRF 
080 |a (0.05)793.7  |2 MRF 
100 1 |a Růžička, Oldřich  |7 xx0004739  |4 aut 
245 1 0 |a Pod přísahou TREs /  |c napsal Oldřich Růžička ; ilustrace Jan Klimeš 
246 1 |i Obálkový podnázev:  |a Tajemství templářských rytířů 
250 |a 1. vydání 
264 1 |a Praha :  |b Albatros,  |c 2015 
300 |a 60 stran :  |b barevné ilustrace ;  |c 31 cm 
336 |a text  |b txt  |2 rdacontent 
336 |a statický obraz  |b sti  |2 rdacontent 
337 |a bez média  |b n  |2 rdamedia 
338 |a svazek  |b nc  |2 rdacarrier 
500 |a Rohy vazby opatřeny kováním, v publikaci vlepeny složené i nesložené lístky s texty 
650 0 7 |a templáři  |7 ph126532  |2 czenas 
650 0 9 |a Templars  |2 eczenas 
655 7 |a české příběhy  |7 fd133973  |2 czenas 
655 7 |a historické příběhy  |7 fd132413  |2 czenas 
655 7 |a dobrodružné příběhy  |7 fd132060  |2 czenas 
655 7 |a čtenářské hry  |7 fd133978  |2 czenas 
655 7 |a publikace pro děti  |7 fd133156  |2 czenas 
655 9 |a Czech stories  |2 eczenas 
655 9 |a historical stories  |2 eczenas 
655 9 |a adventure stories  |2 eczenas 
655 9 |a literary recreations  |2 eczenas 
655 9 |a children's literature  |2 eczenas 
700 1 |a Klimeš, Jan,  |d 1980-  |7 mzk2007417580  |4 ill 
910 2 |a BOA001  |b 4-1359.416 
928 9 |a Albatros Media - Albatros 
990 |a BK 
995 |a 01 
991 |b 201601  |c NOV 
996 6 |b 2610656485  |c 4-1359.416  |l MZK  |r Sklad / do 1 hodiny  |n 2  |p p.v.  |w 001540200  |u 000010  |a 1  |e BOA001  |j MZK50  |s P